[Event "4NCL 3 South pool C"]
[Site "Reading, ENG"]
[Date "2018.05.07"]
[Round "11.12"]
[White "Willmoth, Robert F"]
[Black "Frostick, Clive A"]
[Result "1/2-1/2"]
[WhiteElo "2290"]
[BlackElo "2157"]
[PlyCount "85"]
[EventDate "2018.05.07"]

1. Nf3 Nf6 2. e3 d5 3. c4 e6 4. b3 Be7 5. Bb2 c5 6. Be2 O-O 7. O-O Nc6 8. cxd5
Nxd5 9. d4 cxd4 10. exd4 b6 11. a3 Bb7 12. Re1 Bf6 13. Bf1 g6 14. Nbd2 Bg7 15.
b4 Nde7 16. Nb3 Nf5 17. Rc1 Rc8 18. b5 Ncxd4 19. Nfxd4 Rxc1 20. Qxc1 Nxd4 21.
Bxd4 Bxd4 22. Rd1 e5 23. Nxd4 exd4 24. Qc4 Qd5 25. Rxd4 Qxc4 26. Bxc4 Rc8 27.
f4 Rc7 28. Kf2 Kg7 29. g4 Bc8 30. h3 Rd7 31. Rxd7 Bxd7 32. Ke3 h6 33. Kd4 Kf6
34. Be2 Ke6 35. h4 f6 36. Bd3 Kd6 37. g5 hxg5 38. hxg5 fxg5 39. fxg5 Be8 40.
Be4 Bf7 41. Bf3 Ba2 42. Bc6 Bb1 43. Bd5 1/2-1/2

[Event "4NCL 3 South pool C"]
[Site "Reading, ENG"]
[Date "2018.05.07"]
[Round "11.13"]
[White "Farrand, Tom"]
[Black "Ethelontis, Alexandros N"]
[Result "1/2-1/2"]
[WhiteElo "2145"]
[BlackElo "2125"]
[PlyCount "44"]
[EventDate "2018.05.07"]

1. e4 e6 2. d4 d5 3. Nc3 Bb4 4. e5 c5 5. Bd2 Nh6 6. Nb5 Bxd2+ 7. Qxd2 O-O 8.
Nf3 Nc6 9. c3 a6 10. Na3 cxd4 11. cxd4 Qb6 12. Bd3 Nf5 13. Bxf5 exf5 14. O-O
Be6 15. Nb1 a5 16. Nc3 a4 17. Rab1 Rfc8 18. b3 a3 19. Rbc1 Qb4 20. Rfd1 h6 21.
h4 Na7 22. Qd3 Rc6 1/2-1/2

[Event "4NCL 3 South pool C"]
[Site "Reading, ENG"]
[Date "2018.05.07"]
[Round "11.14"]
[White "Eden, Tomer"]
[Black "Amato, Giampiero"]
[Result "1/2-1/2"]
[WhiteElo "2185"]
[BlackElo "2095"]
[PlyCount "35"]
[EventDate "2018.05.07"]

1. b3 c5 2. Bb2 Nc6 3. Nf3 d6 4. g3 e5 5. d3 g6 6. Bg2 Bg7 7. O-O Nge7 8. c4
O-O 9. Nc3 h6 10. Rc1 Be6 11. Ne1 Qd7 12. Nc2 Bh3 13. Ne3 Bxg2 14. Kxg2 f5 15.
Qd2 Rae8 16. f4 b6 17. h3 Kh7 18. Kh2 1/2-1/2

[Event "4NCL 3 South pool C"]
[Site "Reading, ENG"]
[Date "2018.05.07"]
[Round "11.15"]
[White "Kalitsis, Nikolaos"]
[Black "Chauhan, Pranay"]
[Result "1/2-1/2"]
[WhiteElo "2049"]
[BlackElo "1997"]
[PlyCount "37"]
[EventDate "2018.05.07"]

1. e4 e6 2. d4 d5 3. exd5 exd5 4. c4 Nc6 5. Nf3 Bg4 6. Be2 Nf6 7. h3 Bh5 8. g4
Bg6 9. Ne5 Bb4+ 10. Nc3 Nxe5 11. dxe5 Bxc3+ 12. bxc3 Ne4 13. Bf3 dxc4 14. Qa4+
c6 15. Qxc4 Qa5 16. Bxe4 Bxe4 17. O-O Bd5 18. Qb4 Qxb4 19. cxb4 1/2-1/2

[Event "4NCL 3 South pool C"]
[Site "Reading, ENG"]
[Date "2018.05.07"]
[Round "11.16"]
[White "Karia, Rishul"]
[Black "Vlcek, Marek"]
[Result "1/2-1/2"]
[WhiteElo "1937"]
[BlackElo "1968"]
[PlyCount "49"]
[EventDate "2018.05.07"]

1. e4 d5 2. exd5 Nf6 3. Nc3 Nxd5 4. Bc4 c6 5. Nge2 g6 6. O-O Bg7 7. Re1 O-O 8.
Bb3 e5 9. Nxd5 cxd5 10. d4 exd4 11. Nxd4 Nc6 12. Be3 Re8 13. Qd2 Na5 14. Bg5
Rxe1+ 15. Rxe1 f6 16. Be3 Nxb3 17. Nxb3 b6 18. c4 Bb7 19. Rd1 Qd7 20. c5 Qc6
21. Bd4 Re8 22. Rc1 Qe6 23. Qe3 Qxe3 24. Bxe3 bxc5 25. Nxc5 1/2-1/2

[Event "4NCL 3 South pool C"]
[Site "Reading, ENG"]
[Date "2018.05.07"]
[Round "11.21"]
[White "Mihalik, Agoston"]
[Black "Pleasants, Allan J"]
[Result "1-0"]
[WhiteElo "2168"]
[BlackElo "2118"]
[PlyCount "41"]
[EventDate "2018.05.07"]

1. e4 d6 2. d4 Nf6 3. Nc3 g6 4. f4 Bg7 5. Nf3 O-O 6. e5 Nfd7 7. Bc4 Nb6 8. Bb3
Nc6 9. a4 a5 10. Ne4 dxe5 11. fxe5 Nd5 12. O-O b6 13. c3 Bb7 14. Nfg5 e6 15.
Qg4 Qd7 16. Nxh7 Kxh7 17. Bg5 Kg8 18. Qh3 Rfe8 19. Bxd5 Qxd5 20. Qh7+ Kf8 21.
Rxf7+ 1-0

[Event "4NCL 3 South pool C"]
[Site "Reading, ENG"]
[Date "2018.05.07"]
[Round "11.22"]
[White "Gill, Oliver"]
[Black "Richmond, Jane"]
[Result "1/2-1/2"]
[WhiteElo "2133"]
[BlackElo "2096"]
[PlyCount "93"]
[EventDate "2018.05.07"]

1. e4 e5 2. Nf3 Nc6 3. Bb5 Nge7 4. Nc3 d6 5. d4 exd4 6. Nxd4 Bd7 7. Be3 Nxd4 8.
Qxd4 Nc6 9. Bxc6 bxc6 10. O-O-O Qf6 11. Qxf6 gxf6 12. Ne2 f5 13. Ng3 fxe4 14.
Nxe4 O-O-O 15. Nf6 h5 16. Nxd7 Kxd7 17. Rd4 Rb8 18. Ra4 Bg7 19. b3 Rb7 20. Rd1
h4 21. h3 Rh5 22. Rg4 Be5 23. Bd4 f6 24. Rd3 Ke6 25. Be3 f5 26. Rg8 c5 27. c4
Bf6 28. Bd2 Kf7 29. Rc8 Bd4 30. Be3 Be5 31. Bd2 Bd4 32. Be3 Be5 33. Kd1 f4 34.
Bxf4 Bxf4 35. Rf3 Rf5 36. g3 hxg3 37. fxg3 a5 38. Rxf4 Rxf4 39. gxf4 a4 40. Kc2
axb3+ 41. axb3 Ra7 42. Kb2 Ke6 43. Re8+ Kf5 44. Rf8+ Ke6 45. Re8+ Kf5 46. Rf8+
Ke6 47. Re8+ 1/2-1/2

[Event "4NCL 3 South pool C"]
[Site "Reading, ENG"]
[Date "2018.05.07"]
[Round "11.23"]
[White "Martin, Lewis"]
[Black "McDougall, William M"]
[Result "1-0"]
[WhiteElo "2089"]
[BlackElo "2073"]
[PlyCount "61"]
[EventDate "2018.05.07"]

1. e4 c5 2. Nf3 d6 3. d4 cxd4 4. Nxd4 Nf6 5. Nc3 a6 6. Bg5 e6 7. f4 Qc7 8. Qf3
b5 9. a3 Bb7 10. O-O-O Nbd7 11. g4 Be7 12. Bxf6 Bxf6 13. g5 Bxd4 14. Rxd4 Rc8
15. h4 e5 16. Rd2 exf4 17. Bxb5 O-O 18. Bxd7 Qxd7 19. Rhd1 Rfe8 20. Rxd6 Qe7
21. Rd7 Bxe4 22. Qxf4 Qe6 23. Nxe4 Qc4 24. c3 h6 25. gxh6 Rxe4 26. Rd8+ Rxd8
27. Rxd8+ Kh7 28. Qf5+ g6 29. Rh8+ Kxh8 30. Qf6+ Kg8 31. Qg7# 1-0

[Event "4NCL 3 South pool C"]
[Site "Reading, ENG"]
[Date "2018.05.07"]
[Round "11.24"]
[White "Wilson, Jaimie"]
[Black "Richmond, Peter"]
[Result "1/2-1/2"]
[WhiteElo "2018"]
[BlackElo "2091"]
[PlyCount "116"]
[EventDate "2018.05.07"]

1. e4 c5 2. c3 g6 3. d4 cxd4 4. cxd4 d5 5. exd5 Nf6 6. Nc3 Bg7 7. Nf3 O-O 8.
Bc4 Bf5 9. O-O Nbd7 10. Bb3 Nb6 11. Re1 Nbxd5 12. Nxd5 Nxd5 13. Bg5 Re8 14. Qd2
Qd6 15. a3 Be6 16. Rac1 Qb6 17. Ba4 Rec8 18. Bh4 Rxc1 19. Rxc1 Rd8 20. Bg3 h6
21. h3 Qa6 22. Bb3 Kh7 23. Ne5 Qb6 24. Bc4 Nf6 25. Bxe6 Qxe6 26. Qb4 Ne4 27.
Bf4 g5 28. Be3 f6 29. Nf3 Rd7 30. d5 Qxd5 31. Bxa7 f5 32. Re1 Kg6 33. Be3 Bf6
34. a4 h5 35. Nh2 Kf7 36. Nf1 g4 37. hxg4 hxg4 38. Bb6 e6 39. Ne3 Qd2 40. Qxd2
Rxd2 41. Nxg4 Bxb2 42. Ne3 Nxf2 43. Nc4 Nd3 44. Nxd2 Nxe1 45. Nc4 Nd3 46. Nd6+
Ke7 47. Nxb7 Kd7 48. Nc5+ Nxc5 49. Bxc5 Bc3 50. Kf2 Kc6 51. Be3 e5 52. Kf3 Kd5
53. Bb6 Kc4 54. g4 fxg4+ 55. Kxg4 Bd4 56. a5 Kb5 57. Bxd4 exd4 58. Kf4 Kxa5
1/2-1/2

[Event "4NCL 3 South pool C"]
[Site "Reading, ENG"]
[Date "2018.05.07"]
[Round "11.25"]
[White "Tucker, David S"]
[Black "Simons, Martin J"]
[Result "0-1"]
[WhiteElo "2020"]
[BlackElo "2019"]
[PlyCount "116"]
[EventDate "2018.05.07"]

1. e4 Nc6 2. Nf3 d5 3. exd5 Qxd5 4. Nc3 Qa5 5. Bc4 Bg4 6. h3 Qh5 7. Be2 Bxf3 8.
Bxf3 Qe5+ 9. Qe2 9... Qxe2+ $11 10. Nxe2 Kd7 11. Bxc6+ Kxc6 12. d4 e6 13. O-O
Nf6 14. c4 Bd6 15. Rd1 a6 16. Be3 b5 17. c5 Be7 18. Nf4 Nd5 19. Nxd5 Kxd5 20.
Bf4 Kc6 21. Rd3 $11 21... Rhd8 22. Kf1 Bf6 23. Rad1 Rd5 24. Ke2 Rad8 25. b4
Rxd4 26. Rxd4 Rxd4 27. Bd2 Rc4 28. Rb1 Bc3 29. a3 Bxd2 30. Kxd2 a5 31. Rb3 axb4
32. axb4 Kd5 33. Kd3 e5 34. f3 f5 35. g4 e4+ 36. fxe4+ fxe4+ 37. Ke3 g5 38. Ke2
Rc2+ 39. Kd1 Rf2 40. Ke1 Rf3 41. Rb2 Rxh3 42. Rd2+ Kc4 43. Rd7 c6 44. Rd6 Kxb4
45. Rxc6 Rc3 46. Re6 Rxc5 47. Rxe4+ Ka3 48. Re7 b4 49. Ra7+ Kb2 50. Rxh7 b3 51.
Kd2 Rc4 52. Kd3 Rxg4 53. Rh2+ Ka1 54. Rh8 Ra4 55. Rh1+ Ka2 56. Kc3 b2 57. Rh2
Ra3+ 58. Kb4 Rb3+ 0-1

[Event "4NCL 3 South pool C"]
[Site "Reading, ENG"]
[Date "2018.05.07"]
[Round "11.26"]
[White "Clark, Ian C"]
[Black "Rabbitt, Michael"]
[Result "1-0"]
[WhiteElo "2006"]
[BlackElo "2043"]
[PlyCount "55"]
[EventDate "2018.05.07"]

1. e4 e5 2. Nf3 Nc6 3. Bc4 Bc5 4. c3 Nf6 5. d4 exd4 6. cxd4 Bb4+ 7. Bd2 Bxd2+
8. Nbxd2 d5 9. exd5 Nxd5 10. O-O O-O 11. Rc1 Bg4 12. h3 Bh5 13. Bxd5 Qxd5 14.
Rc5 Bxf3 15. Rxd5 $11 15... Bxd1 16. Rxd1 Rfd8 17. Rxd8+ Rxd8 18. Nf3 Kf8 19.
Rc1 h6 20. b4 Nxd4 21. Rxc7 Nxf3+ 22. gxf3 Rd2 23. a4 Rb2 24. Rxb7 a5 25. b5
Rb4 26. Ra7 Rxa4 27. b6 Rb4 28. b7 1-0

[Event "4NCL 3 South pool C"]
[Site "Reading, ENG"]
[Date "2018.05.07"]
[Round "11.41"]
[White "Hadi, Justin"]
[Black "Somerfield, Adrian P"]
[Result "1/2-1/2"]
[WhiteElo "2013"]
[BlackElo "2085"]
[PlyCount "42"]
[EventDate "2018.05.07"]

1. d4 Nf6 2. c4 e6 3. Nf3 d5 4. Bg5 Be7 5. Nc3 c6 6. e3 Nbd7 7. Rc1 O-O 8. Bd3
Re8 9. O-O dxc4 10. Bxc4 Nd5 11. Bxe7 Qxe7 12. Ne4 b6 13. Qe2 N5f6 14. Nxf6+
Nxf6 15. Ba6 Bb7 16. Bxb7 Qxb7 17. Ne5 Rac8 18. Rc2 c5 19. dxc5 Rxc5 20. Rxc5
bxc5 21. Rd1 Qc7 1/2-1/2

[Event "4NCL 3 South pool C"]
[Site "Reading, ENG"]
[Date "2018.05.07"]
[Round "11.42"]
[White "Nettleton, Charlie B"]
[Black "McKenna, Jason P"]
[Result "0-1"]
[WhiteElo "2162"]
[BlackElo "2091"]
[PlyCount "60"]
[EventDate "2018.05.07"]

1. d4 g6 2. e4 Bg7 3. Nc3 d6 4. Nf3 Nf6 5. h3 O-O 6. Be3 b6 7. Be2 Bb7 8. Nd2
Nbd7 9. f4 c5 10. Bf3 cxd4 11. Bxd4 e5 12. Be3 exf4 13. Bxf4 Ne5 14. O-O Re8
15. Qe1 Nxf3+ 16. Rxf3 Nxe4 17. Ndxe4 Bxe4 18. Nxe4 d5 19. Bg5 Qc8 20. Nf6+
Bxf6 21. Qh4 Re4 22. Rf4 Bxg5 23. Qxg5 Rxf4 24. Qxf4 Qxc2 25. Rf1 Rf8 26. Qf6
Qe4 27. h4 Qe6 28. Qf4 Re8 29. Rf3 Qe1+ 30. Kh2 Qe5 0-1

[Event "4NCL 3 South pool C"]
[Site "Reading, ENG"]
[Date "2018.05.07"]
[Round "11.43"]
[White "Terry, Sean"]
[Black "Chan, Nevil"]
[Result "1/2-1/2"]
[WhiteElo "1932"]
[BlackElo "2019"]
[PlyCount "59"]
[EventDate "2018.05.07"]

1. e4 b6 2. Nc3 Bb7 3. Nf3 e6 4. d4 Bb4 5. Bd3 Nf6 6. Qe2 d5 7. exd5 Nxd5 8.
Bd2 Nxc3 9. bxc3 Be7 10. Ne5 O-O 11. Qh5 f5 12. Rg1 Nd7 13. Nxd7 g6 14. Qh6
Qxd7 15. g4 Bf6 16. gxf5 exf5 17. O-O-O Bg7 18. Qg5 Qa4 19. h4 Qxa2 20. Be3 Bf3
21. Rde1 c5 22. Kd2 cxd4 23. Bxd4 Bxd4 24. cxd4 Rae8 25. Ra1 Qf7 26. h5 Qe7 27.
hxg6 Qb4+ 28. Kc1 Re1+ 29. Rxe1 Qxe1+ 30. Kb2 1/2-1/2

[Event "4NCL 3 South pool C"]
[Site "Reading, ENG"]
[Date "2018.05.07"]
[Round "11.44"]
[White "Gooding, Ian"]
[Black "Rudny, Tomasz"]
[Result "1-0"]
[WhiteElo "1982"]
[BlackElo "1907"]
[PlyCount "131"]
[EventDate "2018.05.07"]

1. e4 c5 2. Nf3 g6 3. d4 cxd4 4. Nxd4 Nc6 5. c4 Nf6 6. Nc3 Nxd4 7. Qxd4 d6 8.
Be2 Bg7 9. O-O O-O 10. Qd3 Be6 11. Be3 a6 12. Rac1 Qc7 13. b3 Rfc8 14. f4 Nd7
15. f5 Ne5 16. Qd2 Bd7 17. Nd5 Qd8 18. Nb6 Bc6 19. Nxa8 Rxa8 20. fxg6 hxg6 21.
Bf3 a5 22. c5 Bb5 23. Be2 Bc6 24. cxd6 Bxe4 25. dxe7 Qxe7 26. Bc5 Qe6 27. Qd6
Qxd6 28. Bxd6 Re8 29. Rc7 Bd5 30. Bxe5 Bxe5 31. Bb5 Bd4+ 32. Kh1 Re5 33. Bc4
Bb6 34. Rc8+ Kg7 35. Bxd5 Rxd5 36. Rc2 Bd8 37. g3 b6 38. Kg2 Rd7 39. g4 Be7 40.
Rff2 Bc5 41. Rcd2 Re7 42. Rfe2 Kf6 43. Rxe7 Kxe7 44. Kf3 Ke6 45. Ke4 f6 46. h4
Bb4 47. Rd5 Be7 48. h5 gxh5 49. gxh5 Bf8 50. Rb5 Bc5 51. Rxc5 bxc5 52. h6 f5+
53. Kf4 Kf6 54. h7 Kg7 55. Kxf5 Kxh7 56. Ke5 Kg6 57. Kd5 Kf7 58. Kxc5 a4 59. b4
Ke7 60. a3 Kd7 61. Kb5 Kc7 62. Kxa4 Kc6 63. Ka5 Kc7 64. Ka6 Kc8 65. Ka7 Kc7 66.
b5 1-0

[Event "4NCL 3 South pool C"]
[Site "Reading, ENG"]
[Date "2018.05.07"]
[Round "11.45"]
[White "Hayward, Philip"]
[Black "Fulton, Anthony R"]
[Result "1-0"]
[WhiteElo "1894"]
[BlackElo "1994"]
[PlyCount "185"]
[EventDate "2018.05.07"]

1. c4 d6 2. g3 e5 3. Bg2 f5 4. Nc3 c6 5. d4 e4 6. Nh3 Nf6 7. O-O Be7 8. f3 exf3
9. exf3 O-O 10. Re1 Na6 11. Nf4 Nc7 12. d5 Re8 13. b3 Bf8 14. Rxe8 Qxe8 15. Qd2
Bd7 16. Ba3 c5 17. Re1 Qf7 18. Bb2 a6 19. a4 Re8 20. Rxe8 Qxe8 21. Nd1 Be7 22.
Nf2 Bd8 23. Bf1 Qe7 24. Bd3 Nce8 25. Kg2 Nc7 26. Qc2 g6 27. Qd2 Nce8 28. N2h3
Ng7 29. Kf2 Nfe8 30. Ng1 g5 31. Nfe2 Qf7 32. f4 g4 33. a5 h5 34. b4 cxb4 35.
Qxb4 Bc8 36. Bd4 Kh7 37. Nc3 Bf6 38. Qb6 Bxd4+ 39. Qxd4 Qc7 40. Qb6 Qxb6+ 41.
axb6 Bd7 42. Nge2 Nf6 43. Nd4 Kg6 44. Nb3 Kf7 45. Na5 Bc8 46. Ke3 Ke7 47. Kd4
Nd7 48. Na4 Kf6 49. Nb3 h4 50. gxh4 Nh5 51. Ke3 Nf8 52. c5 dxc5 53. Naxc5 Ke7
54. Na5 Kd6 55. Ncxb7+ Kxd5 56. Nd8 Kd6 57. Nf7+ Ke7 58. Ne5 Ne6 59. b7 Bxb7
60. Nxb7 Nhxf4 61. Bxf5 Ng2+ 62. Kf2 Nxh4 63. Ng6+ Nxg6 64. Bxg6 Kf6 65. Bd3
Nc7 66. Kg3 Ne6 67. Kxg4 Ng5 68. Bxa6 Nf7 69. Nc5 Ne5+ 70. Kg3 Kg5 71. Be2 Kh6
72. Ne4 Ng6 73. Nf6 Kg5 74. Nd5 Kh6 75. Bd3 Ne5 76. Be4 Kg5 77. h4+ Kh6 78. Nf6
Kg7 79. Nd5 Kh6 80. Ne7 Nd7 81. Kf4 Nf6 82. Bf3 Ne8 83. Bg4 Ng7 84. Ke5 Ne8 85.
Ke6 Kg7 86. Nd5 Kh6 87. Kf7 Nd6+ 88. Ke6 Ne4 89. Nf4 Ng5+ 90. Ke7 Nh7 91. Ne6
Kg6 92. h5+ Kh6 93. Kf7 1-0

[Event "4NCL 3 South pool C"]
[Site "Reading, ENG"]
[Date "2018.05.07"]
[Round "11.46"]
[White "Webster, Peter AN"]
[Black "Staples, Neil"]
[Result "1/2-1/2"]
[WhiteElo "1897"]
[BlackElo "1861"]
[PlyCount "138"]
[EventDate "2018.05.07"]

1. e4 d5 2. exd5 Qxd5 3. Nc3 Qd8 4. d4 Nf6 5. Nf3 c6 6. Bc4 Bf5 7. Ne5 e6 8. g4
Bg6 9. h4 Nbd7 10. Nxd7 Qxd7 11. h5 Be4 12. Nxe4 Nxe4 13. Qd3 Nd6 14. Bb3 Nb5
15. Be3 O-O-O 16. O-O-O Be7 17. g5 Nc7 18. Qe4 Nd5 19. Bd2 Nc7 20. c3 Ne8 21.
g6 Nf6 22. Qe2 hxg6 23. hxg6 Rxh1 24. Rxh1 Nd5 25. gxf7 Bf6 26. Re1 Qxf7 27.
Qxe6+ Qxe6 28. Rxe6 Nc7 29. Re1 Rh8 30. Bf4 Rh4 31. Be5 Bxe5 32. dxe5 Rf4 33.
Re2 Kd8 34. Kd2 Ke7 35. Ke3 g5 36. f3 Rf5 37. Kf2 Ne6 38. Kg3 Nc5 39. Kg4 Rf8
40. Rh2 Nxb3 41. axb3 Ke6 42. Rh7 Rf4+ 43. Kg3 Rf5 44. Rxb7 Rxe5 45. Rxa7 Re2
46. Ra6 Kd6 47. b4 Rxb2 48. Ra5 Rc2 49. Rc5 Rc1 50. Kf2 Rc2+ 51. Ke3 Rc1 52.
Kd4 Rf1 53. Rf5 Ke6 54. Rxg5 Rxf3 55. Rg6+ Kd7 56. c4 Rf5 57. Rg7+ Kd6 58. c5+
Ke6 59. Rg6+ Kd7 60. Rg7+ Ke6 61. Rg6+ Kd7 62. Kc4 Rf3 63. Rg7+ Kc8 64. Ra7 Kb8
65. Rd7 Kc8 66. Rd3 Rf4+ 67. Kb3 Rf1 68. Ka4 Kb7 69. Rc3 Rb1 1/2-1/2